MARC

LEADER 00000nam0a2200000 4500
001 279566
005 20231101235224.0
020 |a RU  |b 86-55109 
035 |a (RuTPU)RU\TPU\book\302859 
090 |a 279566 
100 |a 20141220d1986 k a0rusy5003 ca 
101 0 |a rus 
102 |a RU 
105 |a y z 001zy 
200 1 |a Многоотраслевые комплексы: проблемы и методы оптимизации  |f Г. В. Мартынов  |g Академия наук СССР (АН СССР), Центральный экономико-математический институт (ЦЭМИ) ; под ред. Л. А. Козлова 
210 |a Москва  |c Наука  |d 1986 
215 |a 229 с. 
225 1 |a Проблемы советской экономики 
320 |a Библиогр.: с. 226-230 
606 1 |a Планирование народного хозяйства  |x Математические методы  |2 stltpush  |3 (RuTPU)RU\TPU\subj\65962  |9 82268 
610 1 |a проблемы 
610 1 |a методы 
610 1 |a оптимизация 
610 1 |a взаимосвязанные отрасли 
610 1 |a экспериментальные исследования 
610 1 |a многоступенчатые системы 
610 1 |a лесной комплекс 
686 |a У9(2)230.31  |v LBC/SL-A  |2 rubbk 
700 1 |a Мартынов  |b Г. В.  |g Геннадий Викторович  |4 070 
702 1 |a Козлов  |b Л. А.  |4 340 
712 0 2 |a Академия наук СССР (АН СССР)  |b Центральный экономико-математический институт (ЦЭМИ)  |c (Москва)  |2 stltpush  |3 (RuTPU)RU\TPU\col\11797 
801 0 |a RU  |b RuMRKP  |c 19950704  |g psbo 
801 1 |a RU  |b 63413507  |c 20141220 
801 2 |a RU  |b 63413507  |c 20170418  |g RCR 
942 |c BK